| 000 | 00505nam a2200217Ia 4500 | ||
|---|---|---|---|
| 008 | 170918s9999 xx 000 0 und d | ||
| 020 | _a9780545299824 | ||
| 050 | _bP739mo 2011 | ||
| 100 | _aPoblocki, Dan | ||
| 245 | _aMonsters and mischief / | ||
| 245 | _cby Dan Poblocki. | ||
| 260 | _aNew York : | ||
| 260 | _bScholastic, | ||
| 260 | _c2011 | ||
| 300 | _a172 pages : | ||
| 300 | _billustrations ; | ||
| 300 | _c19cm. | ||
| 300 | _eThe mysterious four ; | ||
| 440 | _a3 | ||
| 500 | _a730 | ||
| 999 |
_c343909 _d343909 |
||